• 首页
  • 本馆介绍
  • 公告通知
  • 最新文献
  • 馆藏检索
  • 电子资源
  • 读者导购
  • 参考咨询
  • 我的图书馆
  • 登录
  • 详细信息显示
  • 放入我的书架
  • 预约/预借图书
  • 作者相关作品
  • 分类相关作品
  • 丛书相关作品
  • 出版社相关作品

书目信息

  • 表格格式
  • 工作单格式
  • 卡片格式
题名:
汽车悬架和转向系统设计
    
 
作者: 王霄锋 编著
分册:  
出版信息: 北京   清华大学出版社  2015.12
页数: 12, 554页
开本: 26cm
丛书名:
单 册:
中图分类: U463.02
科图分类:
主题词: 汽车--qi che--车悬架--系统设计--高等学校--教材 , 汽车--qi che--转向装置--系统设计--高等学校--教材
电子资源:
ISBN: 978-7-302-39486-0
000 01684nam0 2200277 450
001 0106081833
005 20201106082045.0
010    @a978-7-302-39486-0@dCNY89.80
100    @a20160307e20202015em y0chiy50 ea
101 0  @achi
102    @aCN@b110000
105    @aa az 000yy
106    @ar
200 1  @a汽车悬架和转向系统设计@Aqi che xuan jia he zhuan xiang xi tong she ji@dAutomotive suspension and steering system design@f王霄锋编著@zeng
210    @a北京@c清华大学出版社@d2015.12@h2020.02
215    @a12, 554页@c图@d26cm
300    @a清华大学汽车工程系列教材
320    @a有书目(第550-554页)
330    @a本书旨在介绍汽车悬架和转向系统设计的基本理论和方法。全书共21章,内容包括:汽车悬架系统概述;轮胎与车轮;汽车零部件的载荷及其强度的计算方法;乘坐舒适性与悬架的弹性特性;悬架中弹性元件的设计;乘坐舒适性与减振器的主要参数及尺寸的选择;转向系统设计;车轮定位参数概述;汽车操纵稳定性及其评价指标;悬架的侧倾中心、轮距变化和侧倾角刚度;车轮外倾角和主销内倾角的变化特性;车轮前束的变化特性;主销纵向偏移距和主销后倾角的变化特性;悬架的抗制动点头和抗加速仰头性能分析;悬架受力分析与强度计算;双横臂式独立悬架和整体式转向系统匹配设计的三维运动学分析方法;麦克弗森式独立悬架和齿轮齿条式转向系统的匹配设计;纵置钢板弹簧整体车桥和整体式转向系统匹配设计的三维运动学分析方法;多轴汽车转向系统设计;线性三自由度车辆操纵性模型的建立;汽车的中心操纵性试验及其模拟。
510 1  @aUtomotive suspension and steering system design@zeng
606 0  @a汽车@Aqi che@x车悬架@x系统设计@x高等学校@j教材
606 0  @a汽车@Aqi che@x转向装置@x系统设计@x高等学校@j教材
690    @aU463.02@v5
701  0 @a王霄锋@Awang xiao feng@4编著
801  0 @aCN@bBJSZM@c20201106
905    @b1192696-9@dU463.02@e935@f4
    
    汽车悬架和转向系统设计=Automotive suspension and steering system design/王霄锋编著.-北京:清华大学出版社,2015.12(2020.02)
    12, 554页:图;26cm
    清华大学汽车工程系列教材
    
    ISBN 978-7-302-39486-0:CNY89.80
    本书旨在介绍汽车悬架和转向系统设计的基本理论和方法。全书共21章,内容包括:汽车悬架系统概述;轮胎与车轮;汽车零部件的载荷及其强度的计算方法;乘坐舒适性与悬架的弹性特性;悬架中弹性元件的设计;乘坐舒适性与减振器的主要参数及尺寸的选择;转向系统设计;车轮定位参数概述;汽车操纵稳定性及其评价指标;悬架的侧倾中心、轮距变化和侧倾角刚度;车轮外倾角和主销内倾角的变化特性;车轮前束的变化特性;主销纵向偏移距和主销后倾角的变化特性;悬架的抗制动点头和抗加速仰头性能分析;悬架受力分析与强度计算;双横臂式独立悬架和整体式转向系统匹配设计的三维运动学分析方法;麦克弗森式独立悬架和齿轮齿条式转向系统的匹配设计;纵置钢板弹簧整体车桥和整体式转向系统匹配设计的三维运动学分析方法;多轴汽车转向系统设计;线性三自由度车辆操纵性模型的建立;汽车的中心操纵性试验及其模拟。
●
相关链接 在E读中查询图书 在五车中查询图书 在当当中查询图书 在豆瓣中查询图书


正题名:汽车悬架和转向系统设计     索取号:U463.02/935         预约/预借

序号 登录号 条形码 馆藏地/架位号 状态 备注
1 1192696   211926969   第二样本阅览室/ [索取号:U463.02/935] 在馆    
2 1192697   211926978   第三借阅区/ [索取号:U463.02/935] 在馆    
3 1192698   211926987   第三借阅区/ [索取号:U463.02/935] 在馆    
4 1192699   211926996   第三借阅区/ [索取号:U463.02/935] 在馆    
唐山师范学院图书馆 欢迎您!
大连网信软件有限公司© 版权所有